MONOCHROME & COIOUR TELEVISION (Record no. 817022)

MARC details
000 -LEADER
fixed length control field 00350pam a2200145a 44500
008 - FIXED-LENGTH DATA ELEMENTS--GENERAL INFORMATION
fixed length control field 230405s2010 xxu||||| |||| 00| 0 eng d
041 ## - LANGUAGE CODE
Language code of text/sound track or separate title ENG
100 ## - MAIN ENTRY--PERSONAL NAME
Personal name GULATI R.R
245 ## - TITLE STATEMENT
Title MONOCHROME & COIOUR TELEVISION
260 ## - PUBLICATION, DISTRIBUTION, ETC.
Place of publication, distribution, etc. NEW DELHI
Name of publisher, distributor, etc. NEW AGE INTERNATIONAL PUB
Date of publication, distribution, etc. 2010
300 ## - PHYSICAL DESCRIPTION
Extent P.B,688
650 ## - SUBJECT ADDED ENTRY--TOPICAL TERM
Topical term or geographic name entry element E&TC
690 ## - LOCAL SUBJECT ADDED ENTRY--TOPICAL TERM (OCLC, RLIN)
Topical term or geographic name as entry element E&TC
906 ## - LOCAL DATA ELEMENT F, LDF (RLIN)
a 2827
Holdings
Withdrawn status Lost status Damaged status Not for loan Collection Home library Current library Date acquired Source of acquisition Cost, normal purchase price Total Checkouts Full call number Barcode Date last seen Price effective from Koha item type
          College of Engineering, Kolhapur College of Engineering, Kolhapur 07/10/2010 BHARATI MADHYAVARTI SAHAKARI GRAHAK BHANDAR LTD.PUNE 285.00   621.388/GUL ECK-UG-11703 16/08/2023 16/08/2023 Book
          College of Engineering, Kolhapur College of Engineering, Kolhapur 25/09/2010 BHARATI MADHYAVARTI SAHAKARI GRAHAK BHANDAR LTD.PUNE 285.00   621.388/GUL ECK-UG-11411 16/08/2023 16/08/2023 Book